[Event "Asia-ch"]
[Site "Kolkata"]
[Date "2001.08.17"]
[Round "11"]
[White "Sadvakasov, Darmen"]
[Black "Liang, Jinrong"]
[Result "1/2-1/2"]
[WhiteElo "2568"]
[BlackElo "2510"]
[PlyCount "128"]
[EventDate "2001.08.09"]
[EventType "swiss"]
[EventRounds "11"]
[EventCountry "IND"]
[SourceTitle "CBM 085"]
[Source "ChessBase"]
[SourceDate "2001.11.13"]
[SourceVersion "1"]
[SourceVersionDate "2001.11.13"]
[SourceQuality "1"]

1. e4 c5 2. Nf3 e6 3. d4 cxd4 4. Nxd4 Nc6 5. Nc3 Qc7 6. Be2 a6 7. 0-0 Nf6 8. Be3 Bb4 9. Na4 Bd6 10. g3 b5 11. Nb6 Rb8 12. Nxc8 Rxc8 13. a4 Nxd4 14. Bxd4 e5 15. Be3 Bc5 16. Qd3 Qb7 17. axb5 axb5 18. Ra5 Bxe3 19. Qxe3 Qxe4 20. Qxe4 Nxe4 21. Rxb5 f6 22. f4 exf4 23. Rxf4 Nd6 24. Rb3 Rxc2 25. Rd4 0-0 26. Bd1 Rc6 27. Bf3 Ra6 28. Be2 Rc6 29. Bf3 Ra6 30. Rbd3 Nf7 31. Bd5 Rd8 32. b4 Kf8 33. Bxf7 Ra1+ 34. Kf2 Kxf7 35. Rxd7+ Rxd7 36. Rxd7+ Kg6 37. Ke3 Rb1 38. Rd4 Kf5 39. Kd3 Ke5 40. Re4+ Kd5 41. Rd4+ Ke5 42. Rc4 Kd5 43. Rc5+ Kd6 44. Rc4 Kd5 45. Rh4 g5 46. Rd4+ Ke5 47. Re4+ Kd5 48. Rd4+ Ke5 49. Rc4 f5 50. Rc5+ Kf6 51. b5 f4 52. gxf4 gxf4 53. Ke4 Rb4+ 54. Kf3 Kg6 55. h4 h5 56. Rc6+ Kf5 57. Rc5+ Kg6 58. Rg5+ Kh6 59. Rf5 Kg6 60. Rd5 Kh6 61. Rg5 Rd4 62. Rc5 Rb4 63. Rc6+ Kg7 64. b6 Kf7 1/2-1/2

[Event "Asia-ch"]
[Site "Kolkata"]
[Date "2001.08.15"]
[Round "9"]
[White "Liang, Jinrong"]
[Black "Li, Wenliang"]
[Result "1/2-1/2"]
[WhiteElo "2510"]
[BlackElo "2494"]
[PlyCount "33"]
[EventDate "2001.08.09"]
[EventType "swiss"]
[EventRounds "11"]
[EventCountry "IND"]
[SourceTitle "CBM 085"]
[Source "ChessBase"]
[SourceDate "2001.11.13"]
[SourceVersion "1"]
[SourceVersionDate "2001.11.13"]
[SourceQuality "1"]

1. e4 c6 2. d4 d5 3. Nd2 dxe4 4. Nxe4 Bf5 5. Ng3 Bg6 6. Nh3 Nf6 7. Nf4 e5 8. Nxg6 hxg6 9. dxe5 Qa5+ 10. Bd2 Qxe5+ 11. Qe2 Qxe2+ 12. Bxe2 Nbd7 13. 0-0 Bc5 14. Bc3 0-0 15. Bf3 Rfe8 16. Rfe1 Nb6 17. Ne4 1/2-1/2

[Event "Asia-ch"]
[Site "Kolkata"]
[Date "2001.08.14"]
[Round "7"]
[White "Liang, Jinrong"]
[Black "Sasikiran, Krishnan"]
[Result "1/2-1/2"]
[WhiteElo "2510"]
[BlackElo "2589"]
[PlyCount "72"]
[EventDate "2001.08.09"]
[EventType "swiss"]
[EventRounds "11"]
[EventCountry "IND"]
[SourceTitle "CBM 085"]
[Source "ChessBase"]
[SourceDate "2001.11.13"]
[SourceVersion "1"]
[SourceVersionDate "2001.11.13"]
[SourceQuality "1"]

1. e4 c5 2. Nf3 d6 3. d4 cxd4 4. Nxd4 Nf6 5. f3 a6 6. c4 e6 7. Nc3 Be7 8. Be3 0-0 9. Be2 b6 10. 0-0 Bb7 11. a4 Nc6 12. Kh1 Nd7 13. Rb1 Nb4 14. Nc2 Nxc2 15. Qxc2 Qc7 16. Rfd1 Rac8 17. Qd2 Rcd8 18. b3 f5 19. exf5 Rxf5 20. Bd3 Rh5 21. Bf4 Qc8 22. Be4 Bxe4 23. Nxe4 Nf6 24. Qe2 Nxe4 25. fxe4 Rc5 26. Be3 Rc6 27. Bd4 Rf8 28. Rf1 Qe8 29. Qg4 Qg6 30. Qxg6 hxg6 31. Rxf8+ Kxf8 32. Kg1 Bf6 33. Be3 Bc3 34. Kf2 Bb4 35. Ke2 Bc5 36. Rf1+ Kg8 1/2-1/2